000 00657nam a22002177a 4500
999 _c15253
_d15253
003 AR-CdUCM
008 190426b ||||| |||| 00| 0 spa d
040 _aMUNICIPALIDAD PROVINCIAL DEL CUSCO
_cBIBLIOTECA MUNICIPAL DEL CUSCO
082 _aES / 808 /
_bM39
110 _aEditorial felicidad
_934296
245 _aMis mejores cuentos de hadas /
260 _aBilbao :
_bFelicidad,
_c1961..
300 _bIlustraciones, graficos, dinujo
_c25 cm.
500 _aCuentos e historias
650 _aCuentos
_9312
650 _aHistorias
_92725
700 _aAlcazar
_934297
700 _aIbarra
_934298
942 _2ddc
_cLIBROS
945 _apjha
_d2019-04-26